01766cam a22004337a 4500003000500000005001700005008004100022010001000063011001000073020001500083035001000098040000900108082001500117100002400132245011500156260010900271300001100380410003900391490004500430500011100475590004100586590004100627590004100668590004100709590004200750650002600792650004900818650004000867700004000907700002500947810004700972830005201019901000701071905002601078942001001104949006601114999001701180952013501197CHAP20220817043920.0031030d1996 ch r 00110 spa d a87860 a88832 a2831702755 a99377 cCHAP04a575.2bG5Y00aGlowka, Lyle94832810aGuía del convenio sobre la diversidad biológicac/por Lyle Glowka, Francoise Burhenne-Guilmin y Hugh Synge aGland, Suiza :bUnión Mundial para la Conservación de la Naturaleza y los Recursos Naturales,c1996. a179 p.00aUnión Mundial para la Naturaleza 0aEnvironmental policy and law paperv; 30 aEste texto incluye algunas modificaciones menores en relación a la versión original en idioma inglés aBATCH-UPDb10c20130110lUCH01h0549 aBATCH-UPDb10c20130110lUCH01h2340 aBATCH-UPDb10c20130410lUCH01h0230 aBATCH-UPDb10c20130914lUCH01h0629 aCONVERSIONb10c20130109lUCH01h134914aBiodiversidad.91272414aRecursos genéticosxConservación.99508114aRecursos naturalesxConservación.00aBurhenne-Guilmin, Francoise.91618800aSynge, Hugh.911114800aUnión Mundial para la Naturaleza911623900aEnvironmental policy and law paperv; 30937180 aBK aAlejandra Carrasco M. cLIBRO a575.2 G5YbBCcLIBROd33724000799862eLIBROh104075i99377si c87860d87860 00102ddc4052708GRALaBCbBCcPA_GRALd2019-12-31fLIBROl0o575.2 G5Yp33724000799862r2019-12-31 00:00:00w2019-12-31yLIBRO